| LEADER | 00899nam a2200325 4500 | ||
|---|---|---|---|
| 001 | DLU100110809 | ||
| 005 | ##20100818 | ||
| 040 | # | # | |a DLU |b vie |
| 041 | # | # | |a vie |
| 044 | # | # | |a vn |
| 082 | # | # | |a 394.12 |b NG-T |
| 100 | # | # | |a Nguyễn Thị Diệu Thảo. |
| 245 | # | # | |a Món ăn các nước. |n t.I, |p Món ăn Âu Á / |c Nguyễn Thị Diệu Thảo. |
| 260 | # | # | |a H. : |b Đại học Sư phạm, |c 2007. |
| 300 | # | # | |a 399 tr. ; |c 24 cm. |
| 504 | # | # | |a Tài liệu tham khảo: tr. 399 |
| 505 | # | # | |a Chương 1. Các món ăn Trung Hoa -- Chương 2. Các món ăn Âu -- Chương 3. Món ăn các nước khác. |
| 650 | # | # | |a Nấu ăn. |
| 923 | # | # | |a 06/2010 |
| 990 | # | # | |a t.I |
| 991 | # | # | |a GT |
| 992 | # | # | |a 61000 |
| 994 | # | # | |a DLU |
| 900 | # | # | |a True |
| 911 | # | # | |a Đào Thị Thu Huyền |
| 925 | # | # | |a G |
| 926 | # | # | |a A |
| 927 | # | # | |a SH |
| 980 | # | # | |a Thư viện Trường Đại học Đà Lạt |